| Tag |
First Indicator |
Second Indicator |
Subfields |
| LEADER |
00000cam a2200000 i 4500 |
| 001 |
in00000994021 |
| 005 |
20150927152709.0 |
| 008 |
790403s1961 enk 00011 eng d |
| 035 |
|
|
|a (OCoLC)04814775
|
| 035 |
|
|
|9 AEX8055AM
|
| 040 |
|
|
|a UIU
|c UIU
|d m.c.
|d UtOrBLW
|
| 049 |
|
|
|a TXAM
|
| 090 |
|
|
|a PR6057.L28
|b B33 1961
|
| 092 |
|
|
|a 823
|b G452ba
|
| 100 |
1 |
|
|a Glanville, Brian.
|
| 245 |
1 |
2 |
|a A bad streak and other stories /
|c by Brian Glanville.
|
| 264 |
|
1 |
|a London :
|b Secker & Warburg,
|c 1961.
|
| 300 |
|
|
|a 224 pages ;
|c 19 cm.
|
| 336 |
|
|
|a text
|b txt
|2 rdacontent
|
| 337 |
|
|
|a unmediated
|b n
|2 rdamedia
|
| 338 |
|
|
|a volume
|b nc
|2 rdacarrier
|
| 999 |
|
|
|a MARS
|
| 999 |
f |
f |
|s 1baba51a-7777-3bf3-beb1-9790d26e0f1b
|i 20846663-8550-3dc0-ba8e-229c12294f07
|t 0
|
| 952 |
f |
f |
|p ric
|a Texas A&M University
|b Rellis Campus
|c Joint Library Facility
|d Remote Storage
|t 0
|e PR6057.L28 B33 1961
|h Library of Congress classification
|i unmediated -- volume
|m A14815273788
|
| 998 |
f |
f |
|a PR6057.L28 B33 1961
|t 0
|l Remote Storage
|